Score 0/27 Timer 18:00
0 Plays Today
Character Actor/Actress % Correct
Paul Robinson ???
79.6%
Paige Smith???
74.1%
Josh Willis???
70.4%
Karl Kennedy???
68.5%
Brad Willis???
66.7%
Susan Kennedy???
64.8%
Kate Ramsay???
63%
Sonya Rebecchi???
63%
Lou Carpenter???
59.3%
Amber Turner???
59.3%
Sheila Canning???
59.3%
Bossy ???
59.3%
Lauren Turner???
57.4%
Imogen Willis???
57.4%
Character Actor/Actress % Correct
Mark Brennan???
55.6%
Toadie Rebecchi???
53.7%
Kyle Canning???
51.9%
Terese Willis???
50%
Nell Rebecchi???
48.1%
Matt Turner???
42.6%
Chris Pappas???
42.6%
Georgia Canning (Brooks)???
42.6%
Callum Rebecchi???
38.9%
Nate Kinski???
33.3%
Naomi Canning???
33.3%
Bailey Turner???
29.6%
Rain Taylor???
16.7%
Remove Ads.
Support Sporcle.
Get the best of Sporcle when you Go Orange. This ad-free experience offers more features, more stats, and more fun while also helping to support Sporcle. Thank you for becoming a member.

You're not logged in!

Compare scores with friends on all Sporcle quizzes.
OR
Log In

Show Comments

Extras

Top Quizzes Today


Score Distribution

Your Account Isn't Verified!

In order to create a playlist on Sporcle, you need to verify the email address you used during registration. Go to your Sporcle Settings to finish the process.

Report this User

Report this user for behavior that violates our Community Guidelines.

Details: